000 00785cam a22002415a 4500
001 L157851
008 130613s2013 xxk f 000 0 eng d
020 _a9781848063297
035 _a(Sirsi) u157851
041 0 _aeng
100 1 _aLewry, Andy
245 0 0 _aEnergy surveys and audits
260 _aWatford
_bBRE
_c2013
300 _a16p.
_bill.
_c30cm.
490 0 _aBRE Information Paper
_v(7/13)
520 _aBrings together BRE's wide-ranging knowledge and experience in energy surveys and auditing into a single publication.
521 _aAdvanced
650 2 4 _aENVIRONMENTAL AND LAND CONSULTANCY-ENERGY-ENERGY USE-ENERGY USE ASSESSMENT-ENERGY USE AUDITING
651 4 _aENGLAND AND WALES
690 _aEnergy
_96237
690 _aSurvey reports
_96270
942 _n0
999 _c114998
_d114998